Portfolio management based on mean absolute deviaton risk
Tvorba dynamického modelu portfólia založeného na miere rizika využívajúceho priemernú absolútnu odchýlku Mean Absolute Deviation (MAD). Množina všetkých možných riešení pre investovanie vo vybranom investičnom období.
Uložené v:
| Hlavný autor: | |
|---|---|
| Ďalší autori: | |
| Médium: | Kapitola |
| Jazyk: | Slovak |
| Predmet: | |
| Tagy: |
Žiadne tagy, Buďte prvý, kto otaguje tento záznam!
|
MARC
| LEADER | 00000naa$a2200000$$$4500 | ||
|---|---|---|---|
| 001 | 0214166 | ||
| 005 | 20240604102951.0 | ||
| 041 | 0 | |a slo | |
| 044 | |a SK | ||
| 245 | 1 | 0 | |a Portfolio management based on mean absolute deviaton risk |c Marcel Novák, Ivan Brezina |
| 520 | |a Tvorba dynamického modelu portfólia založeného na miere rizika využívajúceho priemernú absolútnu odchýlku Mean Absolute Deviation (MAD). Množina všetkých možných riešení pre investovanie vo vybranom investičnom období. | ||
| 610 | 2 | 0 | |a modely dynamické |
| 610 | 2 | 0 | |a modely ekonomicko-matematické |
| 610 | 2 | 0 | |a programovanie matematické |
| 610 | 2 | 0 | |a diverzifikácia |
| 610 | 2 | 0 | |a riziko |
| 610 | 2 | 0 | |a portfólio |
| 610 | 2 | 0 | |a stratégia investičná |
| 100 | 1 | |a Novák, Marcel, 1979- | |
| 700 | 1 | |a Brezina, Ivan, 1963- | |